Disaster Management of India/ (Record no. 174537)

MARC details
000 -LEADER
fixed length control field 00536nam a22001817a 4500
005 - DATE AND TIME OF LATEST TRANSACTION
control field 20200622142448.0
010 ## - LCCN (DPL NO)
LC control number ENG-128217
020 ## - INTERNATIONAL STANDARD BOOK NUMBER
Terms of availability 900.00
International Standard Book Number 9789380318172
035 ## - SYSTEM CONTROL NUMBER
System control number EN-111749
037 ## - SOURCE OF ACQUISITION
Source of stock number/acquisition DBAD/PUB
082 ## - DEWEY DECIMAL CLASSIFICATION NUMBER
Classification number 363.340954
100 ## - MAIN ENTRY--PERSONAL NAME
Personal name Shastri,K.N
245 ## - TITLE STATEMENT
Title Disaster Management of India/
Statement of responsibility, etc by K.N. Shastri
260 ## - PUBLICATION, DISTRIBUTION, ETC. (IMPRINT)
Place of publication, distribution, etc Delhi
Name of publisher, distributor, etc Neha publishers
Date of publication, distribution, etc 2017
270 ## - ADDRESS
Address 4832/24,Prahlad Lane,S-207 Ansari Road Daryaganj
City Delhi
Postal code 1110002
300 ## - PHYSICAL DESCRIPTION
Extent 328p.
Dimensions 23cm(hb)
942 ## - ADDED ENTRY ELEMENTS (KOHA)
Source of classification or shelving scheme Dewey Decimal Classification
Item type English Books
Classification part 363.340954
Holdings
Withdrawn status Lost status Not for loan Collection code Home library Current library Date acquired Source of acquisition Cost, normal purchase price Full call number Barcode Copy number Cost, replacement price Koha item type
      Non-fiction Ashok Vihar Ashok Vihar 22/06/2020 DBAD/PUB 900.00 363.340954 EN-111749 1 900.00 English Books

© Delhi Public Library
Hit Counter
free hit counter